Jacob Tremblay Movies - Statistics

General Stats
  • This quiz has been taken 8 times
  • The average score is 4 of 22
Answer Stats
Year Movie % Correct
2021 Luca
71%
2017 Wonder
71%
2019 Good Boys
57%
TBD The Little Mermaid
57%
2013 The Smurfs 2
57%
2019 Doctor Sleep
29%
2015 Room
29%
2018 The Predator
29%
2016 Before I Wake
14%
2016 Shut In
14%
2017 The Book of Henry
14%
TBD Bear Season
0%
2016 Burn Your Maps
0%
2016 Donald Trump's The Art of the Deal: The Movie
0%
2014 Extraterrestrial
0%
2014 My Mother's Future Husband
0%
2018 Pete the Cat: A Very Groovy Christmas
0%
2014 Santa's Little Ferrets
0%
2018 The Death and Life of John F. Donovan
0%
TBD The Kid: An Animated Adventure
0%
TBD The Toxic Avenger
0%
TBD Untitled Lani Pixels Project
0%
No matching quizzes found
Score Distribution
Percent of People with Each Score
Percentile by Number Answered
Your Score History
You have not taken this quiz